Rosso Istanbul /

Kaydedildi:
Detaylı Bibliyografya
Asıl Yazarlar: Travia, Carmelo (Besteci), Taviani, Giuliano (Besteci)
Diğer Yazarlar: Ergenc, Halit (Aktör), Buyukustun, Tuba (Aktör), Gökçer, Ayten (Aktör), Bilgin, İpek (Aktör), Santella, Valia (Senarist), Romoli, Gianni (Senarist), Yilmaz, Serra (Aktör), Ozpetek, Ferzan (Tönetmen), Gunsur, Mehmet (Aktör), Corticelli, Gianfilippo (Fotoğrafçı)
Materyal Türü: Tez Saydam/Asetat
Dil:İtalyanca
Türkçe
Baskı/Yayın Bilgisi: [Roma] : Rai Cinema : 01 Distribution, 2017
Etiketler: Etiketle
Etiket eklenmemiş, İlk siz ekleyin!

MARC

LEADER 00000ngm a22000007i 4500
001 IT\ICCU\ARE\0001008
003 ItRI
005 20260124182822.0
008 170718s2017 it |||||||||||||||k|||||c
024 3 1 |a 8032807068442 
024 3 1 |a 8032807080857  |b Eagle pictures 
028 4 2 |a 06844  |b 01 Distribution 
028 4 2 |a 868117EVDO 
040 |b ita 
041 7 |a ita  |a tur  |2 ISO-639-2 
082 |a 791.43  |9 CINEMA  |2 14 
130 0 |a Istanbul kirmizisi <film ; 2017>  |3 IT\ICCU\MOD\1671940 
245 0 0 |a Rosso Istanbul /  |c un film di Ferzan Ozpetek ; [fotografia Gian Filippo Corticelli ; musiche Giuliano Taviani e Carmelo Travia ; sceneggiatura di Gianni Romoli, Valia Santella, Ferzan Ozpetek ; liberamente tratto dal libro omonimo di Ferzan Ozpetek]. 
260 |a [Roma] :  |b Rai Cinema :  |b 01 Distribution,  |c 2017 
300 |a 1 DVD-Video (109 min.) :  |b color., sonoro ;  |c in contenitore, 19 cm 
500 |a Caratteristiche tecniche: regione 2; sistema e formato video: PAL; 2.35:1, 16:9; audio Dolby digital 5.1 
500 |a Titolo del contenitore 
500 |a Prima del titolo: Tilde Corsi, Gianni Romoli e RAI Cinema presentano 
500 |a Produzione cinematografica Italia/Turchia 2017 
500 |a Interpreti: Halit Ergenç, Tuba Büyüküstün, Nejat Isler, Mehmet Günsür, Cigdem Onat, Serra Yilmaz 
500 |a Lingue: italiano, turco; sottotitoli: italiano anche per non udenti 
502 |a Contenuti extra: Backstage; Trailer 
700 1 |a Ergenc, Halit  |0 IT\ICCU\AREV\000269  |4 act 
700 1 |a Buyukustun, Tuba  |0 IT\ICCU\AREV\000270  |4 act 
700 1 |a Gökçer, Ayten  |0 IT\ICCU\DDSV\370605  |4 act 
700 1 |a Bilgin, İpek  |0 IT\ICCU\DDSV\370606  |4 act 
700 1 |a Santella, Valia  |0 IT\ICCU\MODV\333225  |4 sce 
700 1 |a Travia, Carmelo  |0 IT\ICCU\MODV\607311  |4 cmp 
700 1 |a Romoli, Gianni  |0 IT\ICCU\RAVV\054362  |4 sce 
700 1 |a Taviani, Giuliano  |0 IT\ICCU\RAVV\264166  |4 cmp 
700 1 |a Yilmaz, Serra  |0 IT\ICCU\RAVV\344540  |4 act 
700 1 |a Ozpetek, Ferzan  |0 IT\ICCU\REAV\096588  |4 ant 
700 1 |a Ozpetek, Ferzan  |0 IT\ICCU\REAV\096588  |4 drt 
700 1 |a Gunsur, Mehmet  |0 IT\ICCU\UBOV\222810  |4 act 
700 1 |a Corticelli, Gianfilippo  |0 IT\ICCU\UBOV\548035  |4 pht 
790 1 |a Özpetek, Ferzan  |3 IT\ICCU\CFIV\339778  |z Ozpetek, Ferzan 
790 1 |a Özpetek, Ferzan  |3 IT\ICCU\CFIV\339778  |z Ozpetek, Ferzan 
790 1 |a Corticelli, Gian Filippo  |3 IT\ICCU\SBNV\028278  |z Corticelli, Gianfilippo 
942 |2 ddc  |c VM  |n 0 
952 |0 0  |1 0  |4 0  |6 VO_2322_000000000000000  |7 0  |9 26864  |a BO  |b BO  |d 2026-01-24  |i 18687  |l 0  |o VO 2322  |p BO18687  |r 2026-01-24 18:28:22  |w 2026-01-24  |x [Sebina 5] [1 v.]  |y VM  |z 1 dvd 
999 |c 22726  |d 22726